Rashtriya Swayamsewak Sangh (Record no. 394373)

000 -LEADER
fixed length control field 00347cam a22001217a 4500
008 - FIXED-LENGTH DATA ELEMENTS--GENERAL INFORMATION
fixed length control field 180718b2000 xxu||||| |||| 00| 0 eng d
082 ## - DEWEY DECIMAL CLASSIFICATION NUMBER
Classification number F51x54 G748
100 ## - MAIN ENTRY--PERSONAL NAME
Personal name Goyal, D.R.
245 ## - TITLE STATEMENT
Title Rashtriya Swayamsewak Sangh
Statement of responsibility, etc. by D.R. Goyal
260 ## - PUBLICATION, DISTRIBUTION, ETC.
Place of publication, distribution, etc. New Delhi
Name of publisher, distributor, etc. Radhakrishna Parkashan
Date of publication, distribution, etc. 2000
300 ## - PHYSICAL DESCRIPTION
Extent 303p.
650 ## - SUBJECT ADDED ENTRY--TOPICAL TERM
Topical term or geographic name entry element Rashtriya Swayam Sevak Sangh
Holdings
Withdrawn status Lost status Damaged status Not for loan Permanent Location Current Location Date acquired Full call number Barcode Date last seen Price effective from Koha item type
        Indian Institute of Public Administration Indian Institute of Public Administration 2000-09-29 F51x54 G748 75759 2018-07-21 2018-07-21 Book

Powered by Koha